Enhancing Psycho Social Behavioral skills for Autism Spectrum Disorder: Evaluating a Multimodal Learning Game Framework for Smart Devices/ (Record no. 617428)

000 -LEADER
fixed length control field 00571nam a22001577a 4500
003 - CONTROL NUMBER IDENTIFIER
control field NUST
038 ## - RECORD CONTENT LICENSOR
Staff Name Nusrat Nadeem
082 ## - DEWEY DECIMAL CLASSIFICATION NUMBER
Classification number 200
100 ## - MAIN ENTRY--PERSONAL NAME
Personal name Batool, Fatima
245 ## - TITLE STATEMENT
Title Enhancing Psycho Social Behavioral skills for Autism Spectrum Disorder: Evaluating a Multimodal Learning Game Framework for Smart Devices/
Statement of responsibility, etc. Fatima Batool,
264 ## - PRODUCTION, PUBLICATION, DISTRIBUTION, MANUFACTURE, AND COPYRIGHT NOTICE
Place of production, publication, distribution, manufacture Islamabad:
Date of production, publication, distribution, manufacture, or copyright notice 2026.
650 ## - SUBJECT ADDED ENTRY--TOPICAL TERM
Topical term or geographic name entry element MS-Data Science
700 ## - ADDED ENTRY--PERSONAL NAME
Personal name Supervisor Dr. Farzana Jabeen
856 ## - ELECTRONIC LOCATION AND ACCESS
Uniform Resource Identifier <a href=" http://10.250.8.41:8080/xmlui/handle/123456789/57684"> http://10.250.8.41:8080/xmlui/handle/123456789/57684</a>
942 ## - ADDED ENTRY ELEMENTS (KOHA)
Source of classification or shelving scheme
Koha item type Soft Copy
264 ## - PRODUCTION, PUBLICATION, DISTRIBUTION, MANUFACTURE, AND COPYRIGHT NOTICE
-- SEECS NUST,
Holdings
Withdrawn status Permanent Location Current Location Shelving location Date acquired Full call number Barcode Koha item type
  Central Library (CL) Central Library (CL) Thesis 05/13/2026 200 CL-T-7801 Soft Copy
© 2023 Central Library, National University of Sciences and Technology. All Rights Reserved.